000
00252nam a2200097Ia 4500
001
990879
005
20251230105829.0
008
250824s9999 xx 000 0 und d
245
0
_a
SHERLOCK HOLMES - MAVİ YAKUT
_c
SİR ARTHUR CONAN DOYLE
260
_b
dokuz
999
_c
990879
_d
990879